| 000 | 01322nam a2200361 c 4500 | ||
|---|---|---|---|
| 001 | 4670 | ||
| 003 | ES-MaCES | ||
| 005 | 20141221121732.0 | ||
| 008 | 960930s1993 sp ||| | spa d | ||
| 017 |
_aBI-334-94 _bDL |
||
| 020 | _a8447570402 | ||
| 035 | _aCES19980047067m | ||
| 040 |
_aES-MaCES _bspa _cES-MaCES |
||
| 100 | 1 |
_aÁlvarez Rubio, Juan José _96167 |
|
| 245 | 1 | 4 |
_aLos foros de competencia judicial internacional en materia marítima _b: (estudio de las relaciones entre los diversos bloques normativos) _c[Juan José Alvarez Rubio] |
| 260 |
_aVitoria _bServicio Central de Publicaciones del Gobierno Vasco _c1993 |
||
| 300 |
_aXV, 365 p. _c25 cm |
||
| 500 | _aEn la cub., además: Itsas-Arduralaritza Eskola, Escuela de Administración Marítima | ||
| 504 | _aBibliografía: p. 345-365 | ||
| 541 | _cCompra | ||
| 650 | 4 |
_aderecho del mar _929746 |
|
| 650 | 4 |
_aderecho internacional _926684 |
|
| 650 | 4 |
_aderecho comunitario _929866 |
|
| 650 | 4 |
_acompetencia legal _929890 |
|
| 650 | 4 |
_aacuerdo internacional _926683 |
|
| 650 | 4 |
_aEspaña _926964 |
|
| 653 | 1 | 0 | _aDerecho internacional |
| 710 | 1 |
_aPaís Vasco _bGobierno _eed. _94784 |
|
| 710 | 2 |
_aEscuela de Administración Marítima _92694 |
|
| 902 | _aLIB Libro | ||
| 942 |
_2CES _cBK _h6.0.6. |
||
| 999 |
_c4670 _d4670 |
||